<?xml version="1.0" encoding="UTF-8"?>
<record
    xmlns:xsi="http://www.w3.org/2001/XMLSchema-instance"
    xsi:schemaLocation="http://www.loc.gov/MARC21/slim http://www.loc.gov/standards/marcxml/schema/MARC21slim.xsd"
    xmlns="http://www.loc.gov/MARC21/slim">

  <leader>03131cam a2200445 a 4500</leader>
  <datafield tag="999" ind1=" " ind2=" ">
    <subfield code="c">17161</subfield>
    <subfield code="d">17161</subfield>
  </datafield>
  <controlfield tag="001">15377039</controlfield>
  <controlfield tag="003">OSt</controlfield>
  <controlfield tag="005">20161122114551.0</controlfield>
  <controlfield tag="008">080722s2008    mdu      b   f001 0 eng d</controlfield>
  <datafield tag="010" ind1=" " ind2=" ">
    <subfield code="a">  2008377562</subfield>
  </datafield>
  <datafield tag="020" ind1=" " ind2=" ">
    <subfield code="a">9781587633539 (v. 1)</subfield>
    <subfield code="z">978587633539</subfield>
  </datafield>
  <datafield tag="020" ind1=" " ind2=" ">
    <subfield code="a">1587633531 (v. 1)</subfield>
  </datafield>
  <datafield tag="020" ind1=" " ind2=" ">
    <subfield code="a">9781587633546 (v. 2)</subfield>
    <subfield code="z">978587633546</subfield>
  </datafield>
  <datafield tag="020" ind1=" " ind2=" ">
    <subfield code="a">158763354X (v. 2)</subfield>
  </datafield>
  <datafield tag="020" ind1=" " ind2=" ">
    <subfield code="a">9781587633553 (v. 3)</subfield>
    <subfield code="z">978587633553</subfield>
  </datafield>
  <datafield tag="020" ind1=" " ind2=" ">
    <subfield code="a">1587633558 (v. 3)</subfield>
  </datafield>
  <datafield tag="035" ind1=" " ind2=" ">
    <subfield code="a">(OCoLC)ocn237214263</subfield>
  </datafield>
  <datafield tag="040" ind1=" " ind2=" ">
    <subfield code="a">HNC</subfield>
    <subfield code="c">HNC</subfield>
    <subfield code="d">HNC</subfield>
    <subfield code="d">NOH</subfield>
    <subfield code="d">DLC</subfield>
  </datafield>
  <datafield tag="042" ind1=" " ind2=" ">
    <subfield code="a">lccopycat</subfield>
  </datafield>
  <datafield tag="050" ind1="0" ind2="0">
    <subfield code="a">RT87.S24</subfield>
    <subfield code="b">P38 2008</subfield>
  </datafield>
  <datafield tag="245" ind1="0" ind2="0">
    <subfield code="a">Patient safety and quality :</subfield>
    <subfield code="b">an evidence-based handbook for nurses /</subfield>
    <subfield code="c">editor, Ronda G. Hughes.</subfield>
  </datafield>
  <datafield tag="260" ind1=" " ind2=" ">
    <subfield code="a">Rockville, MD :</subfield>
    <subfield code="b">Agency for Healthcare Research and Quality, U.S. Dept. of Health and Human Services,</subfield>
    <subfield code="c">[2008]</subfield>
  </datafield>
  <datafield tag="300" ind1=" " ind2=" ">
    <subfield code="a">3 v. ;</subfield>
    <subfield code="c">28 cm.</subfield>
  </datafield>
  <datafield tag="440" ind1=" " ind2="0">
    <subfield code="a">AHRQ publication ;</subfield>
    <subfield code="v">no. 08-0043</subfield>
  </datafield>
  <datafield tag="500" ind1=" " ind2=" ">
    <subfield code="a">"April  2008."</subfield>
  </datafield>
  <datafield tag="500" ind1=" " ind2=" ">
    <subfield code="a">On back cover of: v. 1: AHRQ publication no. 08-0043-1, May 2008, ISBN no.: 978-58763-353-9; v. 2 AHRQ publication no. 08-0043-2, May 2008, ISBN no.: 978-58763-354-6; v. 3 AHRQ publication no. 08-0043-3, May 2008, ISBN no.: 978-58763-355-3.</subfield>
  </datafield>
  <datafield tag="504" ind1=" " ind2=" ">
    <subfield code="a">Includes bibliographical references and indexes.</subfield>
  </datafield>
  <datafield tag="505" ind1="0" ind2=" ">
    <subfield code="a">v. 1. section 1, Patient safety and quality ; section 2, Evidence-based practice ; section 3, Patient-centered care -- v. 2. section 4, Working conditions and environment ; section 5, Critical opportunities for improvement -- v. 3. section 6, Tools for improvement.</subfield>
  </datafield>
  <datafield tag="520" ind1=" " ind2=" ">
    <subfield code="a">"Nurses play a vital role in improving the safety and quality of patient car -- not only in the hospital or ambulatory treatment facility, but also of community-based care and the care performed by family members. Nurses need know what proven techniques and interventions they can use to enhance patient outcomes. To address this need, the Agency for Healthcare Research and Quality (AHRQ), with additional funding from the Robert Wood Johnson Foundation, has prepared this comprehensive, 1,400-page, handbook for nurses on patient safety and quality -- Patient Safety and Quality: An Evidence-Based Handbook for Nurses. (AHRQ Publication No. 08-0043)." - online AHRQ blurb, http://www.ahrq.gov/qual/nurseshdbk/</subfield>
  </datafield>
  <datafield tag="524" ind1=" " ind2=" ">
    <subfield code="a">Hughes RF (ed.). Patient safety and quality: An evidence-based handbook for nurses. (Prepared with support from the Robert Wood Johnson Foundation.) AHRQ Publication No. 08-0043. Rockville, MD: Agency for Healthcare Research and Quality; April 2008 .</subfield>
  </datafield>
  <datafield tag="650" ind1=" " ind2="0">
    <subfield code="a">Nursing</subfield>
    <subfield code="x">Safety measures.</subfield>
  </datafield>
  <datafield tag="650" ind1=" " ind2="0">
    <subfield code="a">Medical care</subfield>
    <subfield code="x">Quality control.</subfield>
  </datafield>
  <datafield tag="650" ind1=" " ind2="0">
    <subfield code="a">Medical errors</subfield>
    <subfield code="x">Prevention.</subfield>
  </datafield>
  <datafield tag="650" ind1=" " ind2="0">
    <subfield code="a">Patients</subfield>
    <subfield code="x">Safety measures.</subfield>
  </datafield>
  <datafield tag="700" ind1="1" ind2=" ">
    <subfield code="a">Hughes, Ronda.</subfield>
  </datafield>
  <datafield tag="710" ind1="1" ind2=" ">
    <subfield code="a">United States.</subfield>
    <subfield code="b">Agency for Healthcare Research and Quality.</subfield>
  </datafield>
  <datafield tag="856" ind1="4" ind2="0">
    <subfield code="u">http://purl.access.gpo.gov/GPO/LPS93676</subfield>
  </datafield>
  <datafield tag="856" ind1="4" ind2="0">
    <subfield code="u">http://www.ahrq.gov/qual/nurseshdbk/</subfield>
  </datafield>
  <datafield tag="906" ind1=" " ind2=" ">
    <subfield code="a">7</subfield>
    <subfield code="b">cbc</subfield>
    <subfield code="c">copycat</subfield>
    <subfield code="d">2</subfield>
    <subfield code="e">ncip</subfield>
    <subfield code="f">20</subfield>
    <subfield code="g">y-gencatlg</subfield>
  </datafield>
  <datafield tag="942" ind1=" " ind2=" ">
    <subfield code="2">lcc</subfield>
    <subfield code="c">BOOKS</subfield>
    <subfield code="h">RT 41 .P38 2008</subfield>
  </datafield>
</record>
